| 000 | 00839nam a2200241 a 4500 | ||
|---|---|---|---|
| 001 | BRCA_2342 | ||
| 005 | 20190320203752.0 | ||
| 008 | 071008s2003----enka---###---#000-0#eng-# | ||
| 020 | _a1854441779 | ||
| 050 | 4 |
_aNK4315 _b.W56 2003 |
|
| 100 | 1 |
_aWilson, Timothy _d1950- _97030 |
|
| 245 | 1 | 0 |
_aMaiolica _bItalian Renaissance ceramics in the Ashmolean Museum _cTimothy Wilson. |
| 250 | _a2 | ||
| 260 |
_aOxford _bAshmolean Museum _c2003 |
||
| 300 |
_a88 p. _bil. (algunas a color) _c22 cm. |
||
| 440 | 0 |
_aAshmolean handbooks _97031 |
|
| 500 | _aIncluye glosario | ||
| 504 | _aBibliografía : p. 86-87 | ||
| 610 | 2 | 4 |
_aAshmolean Museum _vCatálogos _97032 |
| 650 | 1 | 4 |
_aMayolica italiana _vCatálogos _xColecciones privadas _zInglaterra _97033 |
| 650 | 1 | 4 |
_aMayolica renacentista _vCatálogos _xColecciones privadas _zItalia _97034 |
| 942 |
_2lcc _cB |
||
| 999 |
_c2085 _d2085 |
||